00265nam a2200097Ia 4500008004000000082001300040100002800053245003000081260004500111300001100156210210b1978 xxu||||| |||| 00| 0 eng d a824 SASM aSASTRY (L S R Krishna). aMasters of english prose. aBombaybThe Macmillan Co. of Indiac1978 avi,154